| 000 | 00801nam a2200205Ia 4500 | ||
|---|---|---|---|
| 001 | 14990 | ||
| 003 | GE_BSU | ||
| 008 | 181216s||||||||xx |||||||||||||| ||und|| | ||
| 040 | _cGE_BSU | ||
| 080 | _a512.54 | ||
| 100 | _aБурбаки,Н. | ||
| 245 | _aГруппы и алгебры Ли. Подалгебры Картана, Регулярные элементы,расщепляемые полупростые алгебры Ли | ||
| 245 | _cПод.ред.А.И.Кострикина | ||
| 260 | _aМосква | ||
| 260 | _bМир | ||
| 260 | _c1978 | ||
| 300 | _a342стр.22см. | ||
| 653 | _aГруппы и алгебры Ли. Подалгебры Картана, Регулярные элементы,расщепляемые полупростые алгебры Ли | ||
| 942 | _cBK | ||
| 999 |
_c48109 _d48109 |
||